000 01069cam a2200313 i 4500
001 1225432
003 YEEZEN
005 20260202141339.0
008 250922s2025 ch a g 000 0bchi d
020 _a9786267035382
_q(平裝) :
_cNT$480
040 _aTWTNM
_bchi
_cTWTNM
042 _anbic
084 _a783.3886
_2ncsclt
090 _a783.3886
100 1 _a林靜芸
245 1 0 _a謝謝你留下來陪我 :
_b為失智者.照顧者找出口 林靜芸醫師勇敢書寫林芳郁院長的故事 /
_c林靜芸, 洪淑惠合著
246 3 0 _a為失智者.照顧者找出口 林靜芸醫師勇敢書寫林芳郁院長的故事
246 3 0 _a為失智者.照顧者找出口 林靜藝醫師勇敢書寫林芳郁院長的故事
250 _a一版
260 _a新北市 :
_b聯合報健康事業部,
_c2025.06
300 _a319面 :
_b彩圖 ;
_c23公分
600 1 7 _a林芳郁
_2lcstt.
650 7 _a醫師
_2lcstt.
650 7 _a失智症
_2lcstt.
650 7 _a照顧者
_2lcstt.
650 7 _a傳記
_2lcstt.
700 1 _a洪淑惠
942 _2ccl
_cBOOK
999 _c7692
_d7692